000 00947nam a22002417a 4500
005 20250429161844.0
008 250429b |||||||| |||| 00| 0 eng d
037 _cTB
040 _aCRL
_cCRL
041 _2pun
_apun
084 _aQ7:21 153P8
_qCRL
100 _aਮੌਦੂਦੀ ,ਸੱਯਦ ਅਬੁਲ ਆਲ
_9753459
245 _aਕੁਰਾਨ ਮਜੀਦ
260 _aਮਲਰਕਟਲਾ, ਭਾਰਤ:
_bਪੰਜਾਬੀ ਇਸਲਾਮਿਕ ਪਬਲੀਕੇਸਨਜ਼,
_c2008.
300 _a1240ਪ.
365 _b950.00
_cINR
650 _aਧਰਮ
650 _aਕੁਰਾਨ
_9753460
650 _aਇਸਲਾਮ
_9753461
700 _aਸਈਦ, ਰਮਜ਼ਾਨ
_eਅਨੁਵਾਦਕ
_9753462
942 _2CC
_cTB
_hQ7:21 153P8
_n0
999 _c1309771
_d1309771